Loading...
| Literature - British | 0 | 7 | 1 | 0 | 65 | 25 | 105.43 | 1 | 2 | 0.00 | 0.00 |
| Literature - American | 0 | 7 | 1 | 0 | 65 | 38 | 104.43 | 1 | 1 | 0.00 | 0.00 |
| Literature - European | 0 | 7 | 2 | 0 | 60 | 85 | 107.86 | 0 | 0 | 0.00 | 0.00 |
| Literature - World | 0 | 6 | 1 | 1 | 55 | 44 | 102.00 | 0 | 0 | 0.00 | 0.00 |
| Social Science | 0 | 6 | 2 | 0 | 50 | 46 | 76.67 | 1 | 2 | 0.00 | 0.00 |
| Fine Arts - Painting and Sculpture | 0 | 5 | 0 | 0 | 50 | 75 | 93.20 | 1 | 1 | 0.00 | 0.00 |
| Mythology | 0 | 6 | 2 | 1 | 50 | 74 | 92.33 | 1 | 1 | 0.00 | 0.00 |
| Fine Arts - Other | 0 | 6 | 4 | 0 | 40 | 65 | 113.33 | 0 | 2 | 0.00 | 0.00 |
| History - American | 0 | 5 | 2 | 0 | 40 | 57 | 85.00 | 1 | 3 | 0.00 | 0.00 |
| History - World | 0 | 4 | 1 | 2 | 35 | 46 | 105.75 | 1 | 1 | 0.00 | 0.00 |
| Religion | 0 | 5 | 3 | 0 | 35 | 71 | 86.40 | 1 | 2 | 0.00 | 0.00 |
| History - Other | 0 | 4 | 2 | 0 | 30 | 79 | 96.00 | 0 | 1 | 0.00 | 0.00 |
| Science - Chemistry | 0 | 4 | 2 | 1 | 30 | 105 | 115.50 | 0 | 0 | 0.00 | 0.00 |
| Science - Physics | 0 | 4 | 2 | 3 | 30 | 97 | 111.00 | 0 | 0 | 0.00 | 0.00 |
| Popular Culture | 0 | 3 | 1 | 2 | 25 | 103 | 116.00 | 0 | 0 | 0.00 | 0.00 |
| Geography | 0 | 2 | 0 | 1 | 20 | 81 | 106.00 | 0 | 0 | 0.00 | 0.00 |
| History - European | 0 | 3 | 3 | 0 | 15 | 43 | 56.33 | 1 | 2 | 0.00 | 0.00 |
| Science - Biology | 0 | 3 | 3 | 0 | 15 | 85 | 97.33 | 0 | 1 | 0.00 | 0.00 |
| Fine Arts - Classical Music | 0 | 3 | 4 | 1 | 10 | 111 | 122.00 | 0 | 0 | 0.00 | 0.00 |
| Philosophy | 0 | 2 | 2 | 0 | 10 | 61 | 71.50 | 1 | 1 | 0.00 | 0.00 |
| Science - Other | 0 | 2 | 3 | 0 | 5 | 43 | 67.00 | 0 | 1 | 0.00 | 0.00 |